| 000 | 00324nam a22001217a 4500 | ||
|---|---|---|---|
| 008 | 230620b xxu||||| |||| 00| 0 eng d | ||
| 020 | _a0840361101 | ||
| 082 |
_a306.096762 _bFED 1982 |
||
| 245 | _aPeoples and Cultures of Kenya | ||
| 260 |
_aNairobi,London _bTransafrica Rex Collings _c1982 |
||
| 300 | _a167p | ||
| 942 |
_2ddc _cBK |
||
| 999 |
_c1508 _d1508 |
||